00899nam a22002534a 450000500170000000800410001701000140005802000260007203500130009803700150011104000180012608200110014424500930015526000350024827000480028330000300033150400190036165000270038070000310040770000220043894200250046099900170048595201430050220090810150312.0020621s2003 njua b 001 0 eng  aENG-94703 a9788120336117c325.00 aEN-78236 bDBAD / PUB adplbEnglish  a658.15 aAdvanced corporate finance /cedited by Chandrasekhar Krishamurti [and] S.R. Vishwanath  aNew DelhibPHI Lrarning c2009 aM-97, Connaught Circus bNew Delhi e110001 axvii, 389 p. c25cm(pbk)  aIncludes index aCorporationsxFinance. aKrishamurti, Chandrasekhar aVishwanath, S.R.  2ddccENh658.15mADV c29081d29081 00102ddc40718NFICaDBADbDBADd2009-08-10eDBAD / PUBg325.00l0o658.15 ADVpEN-78236r2009-08-10 00:00:00t1v325.00w2009-08-10yEN